NFL Player Positions - Statistics

General Stats
  • This quiz has been taken 1,264 times
  • The average score is 22 of 27
Answers on the Map
Answers color-coded by a green-red scale on the quiz's map according to % correct below.
 
Answer Stats
Answer % Correct
Quarterback
98%
Wide Receiver
97%
Wide Receiver
97%
Centre
96%
Fullback
92%
Halfback
91%
Linebacker
90%
Linebacker
90%
Tight End
90%
Cornerback
87%
Cornerback
87%
Strong Safety
87%
Kicker
85%
Left Tackle
85%
Right Tackle
85%
Coach
84%
Defensive End
84%
Defensive End
84%
Free Safety
84%
Left Guard
80%
Right Guard
80%
Defensive Tackle
79%
Defensive Tackle
79%
Punter
78%
Middle Linebacker
67%
Nickelback
44%
Dimeback
37%
No matching quizzes found
Score Distribution
Percent of People with Each Score
Percentile by Number Answered
Your Score History
You have not taken this quiz